000 00707nam a22002177a 4500
003 OSt
005 20251121152153.0
008 251121b |||||||| |||| 00| 0 eng d
020 _a0-534-64271-3.
040 _aDWCL-Main lib.
_cOC
082 _aCirc. 153.4 W594p 2006
100 _aWhitley, Bernard E. JR.
245 _aThe psychology of prejudice and discrimination/
_cBernard E. Whitley JR.
260 _aUSA :
_bThomson Higher Education
_c, c2006.
300 _axvii, 660 p :
_bchiefly ill.
_c; 23 cm.
504 _aIncludes bibliographical references and index.
650 _a1. Discrimination.
650 _a2. Prejudices.
700 _aKite, Mary E.
942 _2ddc
_cBK-CIRC
_hCirc.
_n0
999 _c6021
_d6021